Webová aplikácia pre správu autoservisu

Uložené v:
Podrobná bibliografia
Hlavný autor: Kršek, Martin (Autor)
Ďalší autori: Ploszek, Roderik (Vedúci práce)
Médium: Rukopis Kniha
Jazyk:Slovak
Vydavateľské údaje: Bratislava : STU v Bratislave FEI, 2021
Predmet:
On-line prístup:https://opac.crzp.sk/?fn=detailBiblioForm&sid=334AA18D2886008FB5D16D272232&seo=CRZP-detail-kniha
Tagy: Pridať tag
Žiadne tagy, Buďte prvý, kto otaguje tento záznam!

MARC

LEADER 00000ntm a22000003a 4500
001 stuzp82953
003 SK-STU
005 20220118112629.0
007 ta
008 150427s2015----xo-----f-mn---000-0-slo-d
040 |a STU  |b slo 
041 0 |a slo 
044 |a xo 
100 1 |a Kršek, Martin  |u 035000  |4 aut  |U FEI Fakulta elektrotechniky a informatiky  |T FEI Ústav informatiky a matematiky  |X 93567  |U E050  |Y 816  |7 93567 
242 0 1 |a Web application for administration of car repair service  |y eng 
245 1 0 |a Webová aplikácia pre správu autoservisu 
260 |a Bratislava :  |b STU v Bratislave FEI,  |c 2021 
300 |a 51 s., príl. 
650 4 |a webová aplikácia  |2 slo 
650 4 |a autoservis  |2 slo 
650 4 |a Java  |2 slo 
650 4 |a Java Script  |2 slo 
650 4 |a Spring framework  |2 slo 
650 4 |a web application  |2 eng 
650 4 |a Java Script  |2 eng 
650 4 |a Spring framework  |2 eng 
650 4 |a car repair service  |2 eng 
650 4 |a Java  |2 eng 
700 1 |a Ploszek, Roderik  |u 035000  |k Z3  |4 ths  |U FEI Fakulta elektrotechniky a informatiky  |T FEI Ústav informatiky a matematiky  |X 72983  |U E050  |Y 816  |7 72983 
856 4 |u https://opac.crzp.sk/?fn=detailBiblioForm&sid=334AA18D2886008FB5D16D272232&seo=CRZP-detail-kniha